<?xml version="1.0" encoding="UTF-8"?>
<record
    xmlns:xsi="http://www.w3.org/2001/XMLSchema-instance"
    xsi:schemaLocation="http://www.loc.gov/MARC21/slim http://www.loc.gov/standards/marcxml/schema/MARC21slim.xsd"
    xmlns="http://www.loc.gov/MARC21/slim">

  <leader>02395nam a2200337   4500</leader>
  <controlfield tag="001">76</controlfield>
  <controlfield tag="003">OSt</controlfield>
  <controlfield tag="005">20250528074011.0</controlfield>
  <controlfield tag="008">250123b        |||||||g |||| 00| 1 eng d</controlfield>
  <datafield tag="020" ind1=" " ind2=" ">
    <subfield code="a">8599296019</subfield>
  </datafield>
  <datafield tag="040" ind1=" " ind2=" ">
    <subfield code="b">por</subfield>
  </datafield>
  <datafield tag="041" ind1=" " ind2=" ">
    <subfield code="h">eng</subfield>
    <subfield code="a">por</subfield>
  </datafield>
  <datafield tag="082" ind1=" " ind2=" ">
    <subfield code="a">813</subfield>
    <subfield code="b">B877p</subfield>
  </datafield>
  <datafield tag="100" ind1="1" ind2=" ">
    <subfield code="a">Brown, Dan,</subfield>
    <subfield code="d">1964-</subfield>
    <subfield code="9">179</subfield>
  </datafield>
  <datafield tag="240" ind1=" " ind2=" ">
    <subfield code="a">Deception Point</subfield>
  </datafield>
  <datafield tag="245" ind1=" " ind2=" ">
    <subfield code="a">Ponto de Impacto /</subfield>
    <subfield code="c">Brown, Dan ; Tradu&#xE7;&#xE3;o de Carlos Irineu da Costa</subfield>
  </datafield>
  <datafield tag="260" ind1=" " ind2=" ">
    <subfield code="a">Rio de Janeiro</subfield>
    <subfield code="b">Sextante</subfield>
    <subfield code="c">2005</subfield>
  </datafield>
  <datafield tag="300" ind1=" " ind2=" ">
    <subfield code="a">440 p.</subfield>
  </datafield>
  <datafield tag="520" ind1=" " ind2=" ">
    <subfield code="a">Quando um novo sat&#xE9;lite da NASA encontra um estranho objeto escondido nas profundezas do &#xC1;rtico, a ag&#xEA;ncia espacial aproveita o impacto da sua descoberta para contornar uma grave crise financeira e de credibilidade.
O peso dessa revela&#xE7;&#xE3;o acarreta s&#xE9;rias implica&#xE7;&#xF5;es para a pol&#xED;tica espacial norte-americana e, sobretudo, para a iminente elei&#xE7;&#xE3;o presidencial.
Com o objetivo de verificar a autenticidade da descoberta, a Casa Branca envia a analista de intelig&#xEA;ncia Rachel Sexton para a desolada geleira Milne. Acompanhada por uma equipe de especialistas, incluindo o carism&#xE1;tico pesquisador Michael Tolland, Rachel se depara com ind&#xED;cios de uma fraude cient&#xED;fica que amea&#xE7;a abalar o planeta.
Antes que Rachel possa falar com o presidente dos Estados Unidos sobre suas suspeitas, ela e Michel s&#xE3;o perseguidos por assassinos profissionais controlados por uma pessoa que &#xE9; capaz de tudo para encobrir a verdade. Em uma fuga desesperada para salvar suas vidas, a &#xFA;nica chance de sobreviv&#xEA;ncia para Rachel e Michael &#xE9; desvendar a identidade de quem se esconde por tr&#xE1;s de uma conspira&#xE7;&#xE3;o sem precedentes.
Com fascinantes informa&#xE7;&#xF5;es sobre a NASA, a comunidade de intelig&#xEA;ncia e os bastidores da pol&#xED;tica americana, sem falar na pol&#xEA;mica discuss&#xE3;o sobre a possibilidade de vida extraterrestre, Ponto de Impacto revela o amadurecimento de Dan Brown como escritor, reunindo todas as qualidades que o transformariam em um fen&#xF4;meno mundial com seu livro seguinte: O C&#xF3;digo da Vinci.</subfield>
  </datafield>
  <datafield tag="650" ind1=" " ind2="0">
    <subfield code="a">Literatura Americana</subfield>
    <subfield code="9">84</subfield>
  </datafield>
  <datafield tag="650" ind1=" " ind2="0">
    <subfield code="a">Suspense</subfield>
    <subfield code="9">10</subfield>
  </datafield>
  <datafield tag="650" ind1=" " ind2="0">
    <subfield code="a">Mist&#xE9;rio</subfield>
    <subfield code="9">42</subfield>
  </datafield>
  <datafield tag="650" ind1=" " ind2="0">
    <subfield code="a">Aventura</subfield>
    <subfield code="9">47</subfield>
  </datafield>
  <datafield tag="650" ind1=" " ind2="0">
    <subfield code="a">Crime e Investiga&#xE7;&#xE3;o </subfield>
    <subfield code="9">13</subfield>
  </datafield>
  <datafield tag="650" ind1=" " ind2="0">
    <subfield code="a">Fic&#xE7;&#xE3;o Cient&#xED;fica </subfield>
    <subfield code="9">63</subfield>
  </datafield>
  <datafield tag="650" ind1=" " ind2="0">
    <subfield code="a">Politica</subfield>
    <subfield code="9">138</subfield>
  </datafield>
  <datafield tag="655" ind1=" " ind2="0">
    <subfield code="a">Romance</subfield>
    <subfield code="9">23</subfield>
  </datafield>
  <datafield tag="655" ind1=" " ind2="0">
    <subfield code="a">Fic&#xE7;&#xE3;o </subfield>
    <subfield code="9">22</subfield>
  </datafield>
  <datafield tag="700" ind1=" " ind2=" ">
    <subfield code="a">Carlos Irineu da Costa</subfield>
    <subfield code="e">Tradutor</subfield>
    <subfield code="9">182</subfield>
  </datafield>
  <datafield tag="942" ind1=" " ind2=" ">
    <subfield code="2">ddc</subfield>
    <subfield code="n">0</subfield>
    <subfield code="c">BK</subfield>
  </datafield>
  <datafield tag="952" ind1=" " ind2=" ">
    <subfield code="0">0</subfield>
    <subfield code="1">0</subfield>
    <subfield code="2">ddc</subfield>
    <subfield code="4">0</subfield>
    <subfield code="7">0</subfield>
    <subfield code="8">FIC</subfield>
    <subfield code="a">BIBIB</subfield>
    <subfield code="b">BIBIB</subfield>
    <subfield code="c">LE</subfield>
    <subfield code="d">2016-05-03</subfield>
    <subfield code="e">doa&#xE7;&#xE3;o</subfield>
    <subfield code="l">0</subfield>
    <subfield code="o">813 / B877p</subfield>
    <subfield code="p">2025-15281</subfield>
    <subfield code="r">2025-01-23 08:06:13</subfield>
    <subfield code="t">Ex. 01</subfield>
    <subfield code="w">2025-01-23</subfield>
    <subfield code="y">BK</subfield>
  </datafield>
  <datafield tag="952" ind1=" " ind2=" ">
    <subfield code="0">0</subfield>
    <subfield code="1">0</subfield>
    <subfield code="2">ddc</subfield>
    <subfield code="4">0</subfield>
    <subfield code="7">0</subfield>
    <subfield code="8">FIC</subfield>
    <subfield code="a">BIBIB</subfield>
    <subfield code="b">BIBIB</subfield>
    <subfield code="c">LE</subfield>
    <subfield code="d">2018-05-15</subfield>
    <subfield code="e">doa&#xE7;&#xE3;o</subfield>
    <subfield code="l">0</subfield>
    <subfield code="o">813 / B877p</subfield>
    <subfield code="p">2025-15996</subfield>
    <subfield code="r">2025-03-17 09:42:16</subfield>
    <subfield code="t">Ex. 02</subfield>
    <subfield code="w">2025-03-17</subfield>
    <subfield code="y">BK</subfield>
  </datafield>
  <datafield tag="999" ind1=" " ind2=" ">
    <subfield code="c">76</subfield>
    <subfield code="d">76</subfield>
  </datafield>
</record>
